| 000 -CABECERA |
| fixed length control field |
00978nam a2200289 i 4500 |
| 001 - NÚMERO DE CONTROL |
| control field |
C00609977 |
| 003 - IDENTIFICADOR DEL NÚMERO DE CONTROL |
| control field |
OSt |
| 008 - DATOS DE LONGITUD FIJA--INFORMACIÓN GENERAL |
| fixed length control field |
220803s2021 pe gr 000 0 spa |
| 020 ## - NÚMERO INTERNACIONAL ESTÁNDAR DEL LIBRO |
| ISBN |
9786124788130 |
| 040 ## - FUENTE DE LA CATALOGACIÓN |
| Agencia/entidad que catalogó originalmente la obra |
pelibn |
| Idioma en que se cataloga |
spa |
| Convenciones de la descripción |
rda |
| Entidad que transcribió la catalogación |
pelibn |
| 041 ## - CÓDIGO DE LENGUA |
| Código de Idioma para texto o pista de sonido o título separado |
spa |
| 082 04 - NÚMERO DE LA CLASIFICACIÓN DECIMAL DEWEY |
| No. de Clasificación |
808.00141 / H83U |
| Notacion interna |
H83U |
| 100 1# - ENTRADA PRINCIPAL--NOMBRE DE PERSONA |
| Nombre Personal |
Huamán, Miguel Ángel, |
| Término de relación |
autor. |
| 245 14 - MENCIÓN DE TÍTULO |
| Título |
Una poética del mañana : |
| Resto del título |
teoría literaria del siglo XXI / |
| Mención de responsabilidad |
Miguel Ángel Huamán Villavicencio. |
| 300 ## - DESCRIPCIÓN FÍSICA |
| Nº de Páginas Extensión |
171 páginas ; |
| Dimensiones |
21 cm. |
| 541 ## - NOTA DE FUENTE DE ADQUISICIÓN DIRECTA |
| Fuente de adquisición Ej. LIBUN |
Dedo Crítico Editores ; |
| 541 ## - NOTA DE FUENTE DE ADQUISICIÓN DIRECTA |
| Fuente de adquisición Ej. LIBUN |
Dedo Crítico Editores ; |
| 541 ## - NOTA DE FUENTE DE ADQUISICIÓN DIRECTA |
| Fuente de adquisición Ej. LIBUN |
Dedo Crítico Editores ; |
| 650 18 - PUNTO DE ACCESO ADICIONAL DE MATERIA--TÉRMINO DE MATERIA |
| Descriptor |
Análisis del discurso literario |
| 9 (RLIN) |
48807 |
| 650 28 - PUNTO DE ACCESO ADICIONAL DE MATERIA--TÉRMINO DE MATERIA |
| Descriptor |
Análisis del discurso |
| 9 (RLIN) |
48808 |
| 650 28 - PUNTO DE ACCESO ADICIONAL DE MATERIA--TÉRMINO DE MATERIA |
| Descriptor |
Literatura peruana |
| 9 (RLIN) |
48810 |
| 650 28 - PUNTO DE ACCESO ADICIONAL DE MATERIA--TÉRMINO DE MATERIA |
| Descriptor |
Teoría literaria |
| 9 (RLIN) |
28872 |
| 942 ## - ELEMENTOS DE PUNTO DE ACCESO ADICIONAL (KOHA) |
| Fuente de clasificación |
|
| Tipo de item |
Libros-BMC |